De la igualdad jurídica (I)/
Gespeichert in:
| 1. Verfasser: | |
|---|---|
| Format: | Buch |
| Sprache: | Spanish |
| Tags: |
Tag hinzufügen
Keine Tags, Fügen Sie den ersten Tag hinzu!
|
MARC
| LEADER | 00000nam a22000007a 4500 | ||
|---|---|---|---|
| 003 | cru CIDCACS/IIS | ||
| 005 | 20190125062532.0 | ||
| 007 | ta | ||
| 008 | 190124s1998 es |||||r||||||0| ||spa d | ||
| 999 | |c 42121 |d 42121 | ||
| 040 | |c cru CIDCACS/IIS | ||
| 100 | 1 | |a Soriano Rodríguez, Salvador Héctor |9 8285 | |
| 245 | 1 | |a De la igualdad jurídica (I)/ |c colaboración de Salvador Héctor Soriano Rodríguez | |
| 300 | |a páginas 11-13 | ||
| 773 | 0 | |0 42115 |9 2625 |a Universidad Centroamericana José Simeón Cañas (UCA) |d San Salvador, El Salvador: Universidad Centroamericana José Simeón Cañas. Centro Universitario de Documentación e Información |o 18227 |t El Salvador Proceso: |x 02599864 | |
| 942 | |2 ddc |c PP | ||
